000 00347nam a22001217a 4500
008 230609b xxu||||| |||| 00| 0 eng d
082 _a354
100 _cGovernment of Kenya
245 _aSeventeenth Report of the Public Investments Committee on the Accounts of State Corporations
260 _aKenya
_bGOK
_c2010
300 _a947p
942 _2ddc
_cBK
999 _c918
_d918